Football Teams Alberto Aquilani Played For - Statistics

General Stats
  • This quiz has been taken 31 times
  • The average score is 7 of 11
Answer Stats
League Years Team % Correct
Italy 2002-2003 AS Roma
92%
Italy 2004-2009 AS Roma
92%
Italy 2012-2015 ACF Fiorentina
88%
Italy 2011-2012 AC Milan
80%
Portugal 2015-2016 Sporting CP
76%
Italy 2010-2011 Juventus FC
68%
England 2009-2010 Liverpool FC
68%
Italy 2016-2017 Delfino Pescara 1936
28%
Italy 2017 US Sassuolo
28%
Spain 2017-2018 UD Las Palmas
24%
Italy 2003-2004 US Triestina
12%
No matching quizzes found
Score Distribution
Percent of People with Each Score
Percentile by Number Answered
Your Score History
You have not taken this quiz